Rubber wood for SMR pallet manufacture (Record no. 68131)

MARC details
000 -LEADER
fixed length control field 00368nam a2200157Ia 4500
100 ## - MAIN ENTRY--AUTHOR NAME
Personal name Tan A G
245 #0 - TITLE STATEMENT
Title Rubber wood for SMR pallet manufacture
260 ## - PUBLICATION, DISTRIBUTION, ETC. (IMPRINT)
Name of publisher Planters Bulletin
Year of publication 1981
300 ## - PHYSICAL DESCRIPTION
Number of Pages 76-83
650 ## - SUBJECT ADDED ENTRY--TOPICAL TERM
Topical Term Rubber wood
650 ## - SUBJECT ADDED ENTRY--TOPICAL TERM
Topical Term SMR
700 ## - ADDED ENTRY--PERSONAL NAME
Personal name Ali Sujan
700 ## - ADDED ENTRY--PERSONAL NAME
Personal name Nambiar J
942 ## - ADDED ENTRY ELEMENTS (KOHA)
Koha item type Journals
Holdings
Withdrawn status Lost status Damaged status Not for loan Home library Current library Shelving location Date acquired Serial Enumeration / chronology Koha item type
      Journals RRII Library RRII Library Rubber general 17/12/2021 Volume 167, Issue Journals